Tirade d'Hamlet (Acte III, scène 1) - Statistiques

Statistiques générales
  • Ce quiz a été pris 8 fois
  • Le résultat moyen est 60 sur 165
Statistiques - réponses
Tirade d'Hamlet (Acte III, scène 1) % Correct
a
100%
à
100%
est
100%
et
100%
Etre,
100%
être:
100%
l'
100%
la
100%
100%
là!
100%
ne
100%
ou
100%
pas
100%
qu'
100%
que
100%
question.
100%
s'
100%
telle
100%
d'
83%
de
67%
plus
67%
Rêver
67%
c'
50%
dormir,
50%
dormir!
50%
Mourir...
50%
noblesse
50%
t-il
50%
un
50%
une
50%
Y
50%
âme
33%
ce
33%
C'est
33%
contre
33%
coup
33%
fortune,
33%
il
33%
le
33%
les
33%
mettre
33%
peut-être
33%
pour
33%
qui
33%
amour
17%
coeur;
17%
coups
17%
des
17%
douleurs ?
17%
du
17%
endurer
17%
gens
17%
insolence
17%
maux
17%
nous
17%
on,
17%
oppresseur,
17%
outrages
17%
qi,
17%
sommeil
17%
sort
17%
tout;...
17%
tout
17%
vie.
17%
affres
0%
affreux
0%
alors
0%
armer
0%
auprès
0%
avanies,
0%
battements
0%
bout
0%
calamité
0%
Calmer
0%
Car
0%
Car,
0%
cela ?
0%
Cette
0%
charnels,
0%
conclusion
0%
considération
0%
dans
0%
dédaigné,
0%
dévotement
0%
dit-
0%
échappés
0%
elle
0%
enfin,
0%
frein
0%
halte-
0%
héréditaires
0%
hic.
0%
indignes,
0%
injurieuse
0%
justice,
0%
liens
0%
marée
0%
méritants
0%
officiels,
0%
orgueilleux,
0%
petit
0%
pointe
0%
prolonge
0%
quelle
0%
rebuffades
0%
recontrent
0%
remises
0%
revers
0%
serait
0%
simple
0%
sinon,
0%
songes...
0%
soufflets
0%
souhaitée ?
0%
supporterait
0%
torts
0%
trépas,
0%
viendrait
0%
vient
0%
Aucun quiz correspondant
Distribution des résultats
% des personnes avec chaque résultat
Percentile par nombre de réponses
Votre historique - résultats
Vous n’avez pas pris ce quiz